| 000 | 00327nam a22001217a 4500 | ||
|---|---|---|---|
| 008 | 171207b xxu||||| |||| 00| 0 eng d | ||
| 041 | _aeng | ||
| 080 | _a616.8 | ||
| 100 | _a26 | ||
| 101 | _aNEU | ||
| 245 |
_aPATHOLOGICAL AND PRACTICAL RESEARCHES ON DISEASES OF THE BRAIN AND THE SPINAL CORD _cABERCROMBIE,J |
||
| 942 |
_2udc _cBK |
||
| 999 |
_c38827 _d38827 |
||